| 000 | 00536 a2200205 4500 | ||
|---|---|---|---|
| 003 | Nust | ||
| 005 | 20170207154040.0 | ||
| 010 | _a 97020239 | ||
| 020 | _a0201889544 | ||
| 040 | _cNust | ||
| 082 | 0 | 0 | _a005.13/3 |
| 100 | 1 | _aStroustrup, Bjarne. | |
| 245 | 1 | 4 |
_aThe C++ programming language(E-BOOK) _cBjarne Stroustrup. |
| 250 | _a3rd ed. | ||
| 260 |
_aReading, Mass. : _bAddison-Wesley, _cc1997. |
||
| 300 |
_ax, 910 p. : _bill. ; _c24 cm. |
||
| 500 | _aIncludes index. | ||
| 650 | 0 | _aC++ (Computer program language) | |
| 651 | _aE-BOOK | ||
| 942 |
_2ddc _cBK |
||
| 999 |
_c192603 _d192603 |
||